Návrh mobilnej aplikácie ako prostriedku pre zvýšenie návštevnosti fitnescentra bakalárska práca

Salvato in:
Dettagli Bibliografici
Autore principale: Horil, Michal
Ente Autore: Obchodná fakulta EU. Katedra marketingu
Altri autori: Lukačovičová, Zuzana
Natura: Libro
Lingua:slovacco
Pubblicazione: Bratislava 2016
Tags: Aggiungi Tag
Nessun Tag, puoi essere il primo ad aggiungerne!!

MARC

LEADER 00000nbm a2200000 4500
001 0218693
005 20170120153506.5
041 0 |a slo 
044 |a SK 
245 1 0 |a Návrh mobilnej aplikácie ako prostriedku pre zvýšenie návštevnosti fitnescentra  |b bakalárska práca  |c Michal Horil ; školiteľ: Zuzana Lukačovičová 
264 1 |a Bratislava  |c 2016 
300 |a 55 s. 
100 1 |a Horil, Michal 
700 1 |a Lukačovičová, Zuzana 
710 2 |a Obchodná fakulta EU. Katedra marketingu